Trouvez le Film Ghibli à partir d'une image - Statistiques

Statistiques générales
  • Ce quiz a été pris 1 255 fois
  • Le résultat moyen est 7 sur 12
Statistiques - réponses
Par images Réponse % Correct
Le Voyage de Chihiro
91%
Le château dans le ciel
84%
Le château ambulant
82%
Ponyo sur la falaise
82%
Le tombeau des lucioles
68%
Souvenirs de Marnie
61%
Arrietty
59%
Mon voisin Totoro
53%
Le royaume des chats
50%
La colline aux coquelicots
47%
Kiki la petite sorcière
39%
Le vent se lève
30%
Aucun quiz correspondant
Distribution des résultats
% des personnes avec chaque résultat
Percentile par nombre de réponses
Votre historique - résultats
Vous n’avez pas pris ce quiz